Normal view
MARC view
- Milewski, Bartosz
Entry Personal Name
001 - CONTROL NUMBER
- control field: 119373
003 - CONTROL NUMBER IDENTIFIER
- control field: NUST
005 - DATE AND TIME OF LATEST TRANSACTION
- control field: 20231130103158.0
008 - FIXED-LENGTH DATA ELEMENTS
- fixed length control field: 231130|| aca||aabn | a|a d
040 ## - CATALOGING SOURCE
- Original cataloging agency: NUST
- Transcribing agency: NUST
100 ## - HEADING--PERSONAL NAME
- Personal name: Milewski, Bartosz
670 ## - SOURCE DATA FOUND
- Source citation: Work cat.: (NUST): Milewski, Bartosz , C++ in Action :, 1994
